| 000 | 00418nam a2200157 a 4500 | ||
|---|---|---|---|
| 001 | BRCA_1238 | ||
| 005 | 20190320203336.0 | ||
| 008 | 070408s1996----mx-a---###---#000-0#spa-# | ||
| 020 | _a9687299061 | ||
| 050 | 4 |
_aNA4510.A7 _b.A28 1996 |
|
| 245 | 1 | 0 | _aAcueductos de México. |
| 260 |
_aMéxico _bBanobras _c1996 |
||
| 300 |
_a143 p. _bil. a color _c30 cm. |
||
| 650 | 1 | 4 |
_aAcueductos _xHistoria _zMéxico _9905 |
| 942 |
_2lcc _cB |
||
| 999 |
_c1108 _d1108 |
||